000 00625nam a2200193Ia 4500
003 GCL
008 140319s9999 xx 000 0 ara d
040 _aGCL /
_cGCL
082 0 4 _a001.6424
_bح خ
100 1 _aحسين حسن بركات
245 1 0 _aالخصائص الاضافية لنظام تشغيل الحاسبات MS DOS 5 /
_cحسين حسن بركات
260 _a[S.N] :
_bمكتبة مدبولى ،
_c1944
300 _a318 ص
490 _a
650 0 4 _aالحاسبات الالكترونية
650 0 4 _aدوس
650 0 4 _aبرامج الحاسبات الالكترونية
942 _2ddc
_cBK
999 _c57130
_d57130